| 000 | 00660nam a2200205 a 4500 | ||
|---|---|---|---|
| 005 | 20210219160128.0 | ||
| 008 | 080809s1987 mx r 000 0 spa d | ||
| 035 | _aUPN01000159157 | ||
| 049 | _aUNE | ||
| 080 | _a312 (548.1) =20 POP No.12. | ||
| 245 | 0 | 0 | _aPopulation growth and policies in mega-cities. |
| 260 |
_aNew York : _bUnite Nations, _c1987. |
||
| 300 | _a30 p. | ||
| 440 | 0 |
_aPopulation policy paper ; _v12 |
|
| 690 | _aDemografia - India (Madras) | ||
| 690 | _aPoblacion - India (Madras) | ||
| 690 | _aIndia (Madras) - Crecimiento demografico | ||
| 710 | 2 |
_aONU. _bDepartment of International Economic and Social Affairs. |
|
| 905 | _aUNESCO | ||
| 999 |
_c131271 _d131271 |
||